000 00470nam a2200169Ia 4500
008 090711s9999 xx 000 0 und d
082 _b61048
100 _aशिरवळकर सुहास
245 _aहत्यारा
260 _c1988
300 _a164
600 _aशिरवळकर सुहास
630 _aहत्यारा
700 _aशिरवळकर सुहास
730 _aहत्यारा
942 _cBOOK
999 _c294062
_d294062